<?xml version="1.0" encoding="UTF-8"?><?xml-stylesheet type="text/xsl" href="static/style.xsl"?><OAI-PMH xmlns="http://www.openarchives.org/OAI/2.0/" xmlns:xsi="http://www.w3.org/2001/XMLSchema-instance" xsi:schemaLocation="http://www.openarchives.org/OAI/2.0/ http://www.openarchives.org/OAI/2.0/OAI-PMH.xsd"><responseDate>2026-04-17T11:43:57Z</responseDate><request verb="GetRecord" identifier="oai:riubu.ubu.es:10259/7597" metadataPrefix="marc">https://riubu.ubu.es/oai/request</request><GetRecord><record><header><identifier>oai:riubu.ubu.es:10259/7597</identifier><datestamp>2023-04-20T09:26:42Z</datestamp><setSpec>com_10259.4_2560</setSpec><setSpec>com_10259_5086</setSpec><setSpec>com_10259_2604</setSpec><setSpec>col_10259.4_2561</setSpec></header><metadata><record xmlns="http://www.loc.gov/MARC21/slim" xmlns:doc="http://www.lyncode.com/xoai" xmlns:xsi="http://www.w3.org/2001/XMLSchema-instance" xmlns:dcterms="http://purl.org/dc/terms/" xsi:schemaLocation="http://www.loc.gov/MARC21/slim http://www.loc.gov/standards/marcxml/schema/MARC21slim.xsd">
<leader>00925njm 22002777a 4500</leader>
<datafield tag="042" ind1=" " ind2=" ">
<subfield code="a">dc</subfield>
</datafield>
<datafield tag="720" ind1=" " ind2=" ">
<subfield code="a">Parés Casanova, Josep M.</subfield>
<subfield code="e">author</subfield>
</datafield>
<datafield tag="720" ind1=" " ind2=" ">
<subfield code="a">Vernet Tarrago, Eva</subfield>
<subfield code="e">author</subfield>
</datafield>
<datafield tag="720" ind1=" " ind2=" ">
<subfield code="a">Calvo Rathert, Manuel</subfield>
<subfield code="e">author</subfield>
</datafield>
<datafield tag="720" ind1=" " ind2=" ">
<subfield code="a">Soler, Vicente</subfield>
<subfield code="e">author</subfield>
</datafield>
<datafield tag="720" ind1=" " ind2=" ">
<subfield code="a">Bógalo Román, Mª Felicidad</subfield>
<subfield code="e">author</subfield>
</datafield>
<datafield tag="720" ind1=" " ind2=" ">
<subfield code="a">Álvaro, Ana</subfield>
<subfield code="e">author</subfield>
</datafield>
<datafield tag="260" ind1=" " ind2=" ">
<subfield code="c">2022-07</subfield>
</datafield>
<datafield tag="520" ind1=" " ind2=" ">
<subfield code="a">We present initial rock magnetic results for both lava flows and lapilli produced by the 2021&#xd;
eruption of the Cumbre Vieja, La Palma (Canary Islands). Samples were taken during the eruption to&#xd;
minimize early alteration and weathering of the rocks and tephra. Standard procedures included&#xd;
progressive alternating field and thermal demagnetization, hysteresis curves, thermomagnetic experiments, progressive acquisition of isothermal remanent magnetization (IRM), and First-Order Reversal&#xd;
Curves (FORCs). Overall, our observations, including low to medium unblocking temperatures,&#xd;
isothermal remanent magnetization to 1 Tesla, and the abundance of wasp-waist hysteresis loops,&#xd;
strongly suggest the presence of Ti-rich titanomagnetites as the main remanence carriers in both lava&#xd;
flows and lapilli, in addition to some hematite as well. Whereas the former has been directly seen&#xd;
(SEM), hematite is elusive with nonmagnetic-based methods. Rock magnetic data, on a Day plot, also&#xd;
reveal that the magnetic grain size tends to be larger in the lava flows than in the lapilli.</subfield>
</datafield>
<datafield tag="024" ind2=" " ind1="8">
<subfield code="a">http://hdl.handle.net/10259/7597</subfield>
</datafield>
<datafield tag="024" ind2=" " ind1="8">
<subfield code="a">10.3390/geosciences12070271</subfield>
</datafield>
<datafield tag="024" ind2=" " ind1="8">
<subfield code="a">2076-3263</subfield>
</datafield>
<datafield ind1=" " ind2=" " tag="653">
<subfield code="a">Rock magnetism</subfield>
</datafield>
<datafield ind1=" " ind2=" " tag="653">
<subfield code="a">Canary Islands</subfield>
</datafield>
<datafield ind1=" " ind2=" " tag="653">
<subfield code="a">Recent volcanic eruption</subfield>
</datafield>
<datafield ind1=" " ind2=" " tag="653">
<subfield code="a">Lapilli</subfield>
</datafield>
<datafield ind1=" " ind2=" " tag="653">
<subfield code="a">Basaltic lava flow</subfield>
</datafield>
<datafield tag="245" ind1="0" ind2="0">
<subfield code="a">Rock Magnetism of Lapilli and Lava Flows from Cumbre Vieja Volcano, 2021 Eruption (La Palma, Canary Islands): Initial Reports</subfield>
</datafield>
</record></metadata></record></GetRecord></OAI-PMH>